Online katalóg knižníc regiónu Turca

Citové zátišie ; Tá druhá ; Tuláčka (Record no. 22947)

MARC details
000 -LEADER
fixed length control field 00739nam a2200277 a 4500
001 - CONTROL NUMBER
control field 22947
003 - CONTROL NUMBER IDENTIFIER
control field SK-KTurca
005 - DATE AND TIME OF LATEST TRANSACTION
control field 20260512150859.0
008 - FIXED-LENGTH DATA ELEMENTS--GENERAL INFORMATION
fixed length control field 110607s1969 xo 000 0 slo d
035 ## - SYSTEM CONTROL NUMBER
System control number a000444908
040 ## - CATALOGING SOURCE
Original cataloging agency UKB
Language of cataloging slo
Transcribing agency UKB
Description conventions AACR2
041 1# - LANGUAGE CODE
Language code of text/sound track or separate title slo
Language code of original fre
044 ## - COUNTRY OF PUBLISHING/PRODUCING ENTITY CODE
MARC country code xo
ISO country code SK
100 1# - MAIN ENTRY--PERSONAL NAME
Personal name Colette, Sidonie Gabrielle
245 10 - TITLE STATEMENT
Title Citové zátišie ; Tá druhá ; Tuláčka
250 ## - EDITION STATEMENT
Edition statement 1. vyd.
260 ## - PUBLICATION, DISTRIBUTION, ETC.
Place of publication, distribution, etc. Bratislava
Name of publisher, distributor, etc. Slovenský spisovateľ
Date of publication, distribution, etc. 1969
300 ## - PHYSICAL DESCRIPTION
Extent 420 s.
500 ## - GENERAL NOTE
General note Dokument obsahuje 3 diela
700 1# - ADDED ENTRY--PERSONAL NAME
Personal name Filipová, Alžbeta
Relationship trl
700 1# - ADDED ENTRY--PERSONAL NAME
Personal name Žabkay, Vladimír
Relationship trl
700 1# - ADDED ENTRY--PERSONAL NAME
Personal name Millerová, Viera
Relationship trl
740 02 - ADDED ENTRY--UNCONTROLLED RELATED/ANALYTICAL TITLE
Uncontrolled related/analytical title Tá druhá
740 02 - ADDED ENTRY--UNCONTROLLED RELATED/ANALYTICAL TITLE
Uncontrolled related/analytical title Tuláčka
942 ## - ADDED ENTRY ELEMENTS (KOHA)
Source of classification or shelving scheme Dewey Decimal Classification
Koha item type Krásna literatúra pre dospelých
Suppress in OPAC No

No items available.

Projekt je podporený Slovenskou asociáciou knižníc
Prevádzkuje Turčianska knižnica Martin 2026